[Event "CHN-chTB"]
[Site "Hefei"]
[Date "2023.04.18"]
[Round "3"]
[White "Wang, Doudou"]
[Black "Wang, Shanshan"]
[Result "1-0"]
[WhiteElo "2161"]
[BlackElo "2043"]
[PlyCount "55"]
[EventDate "2023.04.17"]
[EventType "team-swiss"]
[EventRounds "9"]
[EventCountry "CHN"]
[SourceTitle "EXT 2024"]
[Source "ChessBase"]
[SourceDate "2023.10.10"]
[SourceVersion "1"]
[SourceVersionDate "2023.10.10"]
[SourceQuality "1"]
[WhiteTeam "Shenzhen Qiyu"]
[BlackTeam "Chongqing Qilin"]
[WhiteTeamCountry "CHN"]
[BlackTeamCountry "CHN"]

1. c4 Nf6 2. Nf3 g6 3. Nc3 d5 4. cxd5 Nxd5 5. Qb3 c6 6. e4 Nb6 7. d4 Bg7 8. Be3 0-0 9. Rd1 Qc7 10. Be2 N8d7 11. a4 Nf6 12. a5 Nbd7 13. e5 Nd5 14. Nxd5 cxd5 15. Qxd5 Nb8 16. Rc1 Nc6 17. Bd2 Bg4 18. 0-0 Rfd8 19. Qc4 Qd7 20. Bc3 Rac8 21. Qb3 Bxf3 22. Bxf3 Nxd4 23. Bxd4 Qxd4 24. Rxc8 Rxc8 25. Qxb7 Rc2 26. e6 Bf6 27. exf7+ Kxf7 28. Qb3+ 1-0

[Event "CHN-chB (Women)"]
[Site "Qiziwan"]
[Date "2023.02.04"]
[Round "11"]
[White "Wang, Shanshan"]
[Black "Wang, Xiaoyan"]
[Result "0-1"]
[WhiteElo "2075"]
[BlackElo "1929"]
[PlyCount "104"]
[EventDate "2023.01.30"]
[EventType "swiss"]
[EventRounds "11"]
[EventCountry "CHN"]
[SourceTitle "CBM 212 Extra"]
[Source "ChessBase"]
[SourceDate "2023.03.31"]
[SourceVersion "1"]
[SourceVersionDate "2023.03.31"]
[SourceQuality "1"]

1. e4 c5 2. Nf3 d6 3. d4 cxd4 4. Nxd4 Nf6 5. Nc3 a6 6. Be2 e6 7. Be3 Be7 8. 0-0 Nc6 9. Kh1 e5 10. Nxc6 bxc6 11. f4 0-0 12. Qe1 Qc7 13. fxe5 dxe5 14. Bc4 Be6 15. Qe2 Qc8 16. Na4 Bxc4 17. Qxc4 Qe6 18. Qxe6 fxe6 19. Bc5 Bxc5 20. Nxc5 Rab8 21. b3 a5 22. Kg1 Rfd8 23. Rad1 Rxd1 24. Rxd1 Kf7 25. Rd6 Rc8 26. a4 h5 27. Rxe6 Nd7 28. Kf2 g6 29. Ke3 Nxc5 30. Rxe5 Nb7 31. Rg5 Rd8 32. e5 Rd1 33. Ke2 Rc1 34. Kd2 Rf1 35. e6+ Kf6 36. e7 Nd6 37. e8Q Nxe8 38. Rxa5 Rf2+ 39. Kc1 Ke6 40. Rg5 Rf6 41. g4 h4 42. b4 Kd6 43. b5 Ng7 44. bxc6 Ne6 45. Rb5 Kxc6 46. Re5 Kd6 47. Re3 Rf4 48. Ra3 Rxg4 49. a5 Kc7 50. a6 Kb8 51. Rd3 Nc5 52. Rd8+ Ka7 0-1

[Event "CHN-chB (Women)"]
[Site "Qiziwan"]
[Date "2023.02.01"]
[Round "5"]
[White "Wang, Shanshan"]
[Black "Zhang, Xiao"]
[Result "1/2-1/2"]
[WhiteElo "2075"]
[BlackElo "2070"]
[PlyCount "82"]
[EventDate "2023.01.30"]
[EventType "swiss"]
[EventRounds "11"]
[EventCountry "CHN"]
[SourceTitle "CBM 212 Extra"]
[Source "ChessBase"]
[SourceDate "2023.03.31"]
[SourceVersion "1"]
[SourceVersionDate "2023.03.31"]
[SourceQuality "1"]

1. e4 c6 2. d4 d5 3. exd5 cxd5 4. c4 Nf6 5. Nc3 Nc6 6. Nf3 Bg4 7. cxd5 Nxd5 8. Qb3 Bxf3 9. gxf3 e6 10. Qxb7 Nxd4 11. Bb5+ Nxb5 12. Qc6+ Ke7 13. Qxb5 Nxc3 14. bxc3 Qd5 15. Qxd5 exd5 16. Be3 Kd6 17. Rb1 Kc6 18. Rg1 g6 19. c4 Bg7 20. cxd5+ Kxd5 21. Rb5+ Kc6 22. Rc5+ Kd6 23. Ke2 Rhc8 24. Rd1+ Ke6 25. Ra5 a6 26. f4 Rc6 27. Rb1 Bc3 28. Ra4 Rac8 29. Rb7 Kf6 30. Ra3 a5 31. Rab3 Ke6 32. Ra7 Bb4 33. a3 Rc3 34. Rxc3 Bxc3 35. Bb6 h5 36. Bxa5 Bxa5 37. Rxa5 Rc2+ 38. Kf3 Ra2 39. Re5+ Kf6 40. Re3 Kf5 41. Rb3 Ke6 1/2-1/2

[Event "CHN-chB (Women)"]
[Site "Qiziwan"]
[Date "2023.01.30"]
[Round "2"]
[White "Zhou, Cheng Fei"]
[Black "Wang, Shanshan"]
[Result "0-1"]
[WhiteElo "1256"]
[BlackElo "2075"]
[PlyCount "68"]
[EventDate "2023.01.30"]
[EventType "swiss"]
[EventRounds "11"]
[EventCountry "CHN"]
[SourceTitle "CBM 212 Extra"]
[Source "ChessBase"]
[SourceDate "2023.03.31"]
[SourceVersion "1"]
[SourceVersionDate "2023.03.31"]
[SourceQuality "1"]

1. e4 c5 2. Nf3 Nc6 3. d4 cxd4 4. Nxd4 Nf6 5. Nc3 d6 6. Bc4 e5 7. Nb3 Bg4 8. f3 Be6 9. Nd5 Nxd5 10. Bxd5 a5 11. Be3 a4 12. Nd2 Bxd5 13. exd5 Nb4 14. Nc4 Qh4+ 15. Bf2 Qxc4 16. c3 Nd3+ 17. Kf1 Nf4+ 18. Ke1 Nxg2+ 19. Kd2 Qxd5+ 20. Kc2 Qxd1+ 21. Raxd1 Nf4 22. Rhe1 Be7 23. Bb6 Ra6 24. Bf2 f5 25. Bg3 Ne6 26. Rd5 f4 27. Bf2 Ng5 28. Rd3 Nh3 29. Bg1 h5 30. Rd2 Rh6 31. Rg2 g5 32. Re4 g4 33. fxg4 f3 34. Rg3 f2 0-1

[Event "Sitges Sunway online op"]
[Site "Chess.com INT"]
[Date "2020.04.26"]
[Round "8"]
[White "Wang, Shanshan"]
[Black "Adireddy, Arjun"]
[Result "1/2-1/2"]
[WhiteElo "2075"]
[BlackElo "1658"]
[PlyCount "82"]
[EventDate "2020.04.19"]
[EventType "swiss"]
[EventRounds "9"]
[EventCountry "ESP"]
[SourceTitle "EXT 2021"]
[Source "ChessBase"]
[SourceDate "2020.10.23"]
[SourceVersion "1"]
[SourceVersionDate "2020.10.23"]
[SourceQuality "1"]

1. e4 c5 2. Nf3 d6 3. Bb5+ Nd7 4. d4 Ngf6 5. e5 Qa5+ 6. Nc3 Ne4 7. Bd2 Nxc3 8. Bxd7+ Bxd7 9. Bxc3 Qa6 10. exd6 exd6 11. dxc5 dxc5 12. Ne5 0-0-0 13. Nxf7 Qe6+ 14. Ne5 Bc6 15. Qg4 Qxg4 16. Nxg4 Bxg2 17. Rg1 Be4 18. Ne3 Bg6 19. Rg5 Be7 20. Rg4 Rhg8 21. a4 Bd6 22. h3 Rd7 23. Rg5 b6 24. 0-0-0 Bf4 25. Rxd7 Kxd7 26. Rg4 Bxe3+ 27. fxe3 Rf8 28. Rf4 Rxf4 29. exf4 Bf5 30. Bxg7 Bxh3 31. c4 Bf5 32. Kd2 h5 33. Bf6 a6 34. Bg5 Kc6 35. Kc3 b5 36. axb5+ axb5 37. cxb5+ Kxb5 38. b3 Be6 39. Be7 Bf5 40. Bf6 Be6 41. Be7 Bf5 1/2-1/2

[Event "Abu Dhabi op 26th"]
[Site "Abu Dhabi"]
[Date "2019.08.08"]
[Round "7"]
[White "Wang, Shanshan"]
[Black "Mithil, Ajgaonkar"]
[Result "0-1"]
[WhiteElo "2122"]
[BlackElo "2314"]
[PlyCount "62"]
[EventDate "2019.08.02"]
[EventType "swiss"]
[EventRounds "9"]
[EventCountry "UAE"]
[SourceTitle "CBM 191 Extra"]
[Source "ChessBase"]
[SourceDate "2019.09.30"]
[SourceVersion "1"]
[SourceVersionDate "2019.09.30"]
[SourceQuality "1"]

1. e4 c6 2. d4 d5 3. Nc3 dxe4 4. Nxe4 Nd7 5. Nf3 Ngf6 6. Ng3 e6 7. Bd3 Be7 8. 0-0 0-0 9. c3 b6 10. Qe2 Bb7 11. Re1 c5 12. Nf5 exf5 13. Qxe7 Qc7 14. Qe2 Rae8 15. Ne5 Ng4 16. Bf4 Ndxe5 17. dxe5 f6 18. Bxf5 Nxe5 19. f3 c4 20. Kh1 Qc5 21. Be3 Qb5 22. a4 Qc6 23. Qc2 Nxf3 24. Bxh7+ Kh8 25. Re2 Nh4 26. Rg1 f5 27. Bg5 Rxe2 28. Qxe2 Nxg2 29. Rxg2 Qxg2+ 30. Qxg2 Bxg2+ 31. Kxg2 Kxh7 0-1

[Event "Abu Dhabi op 26th"]
[Site "Abu Dhabi"]
[Date "2019.08.07"]
[Round "6"]
[White "Soham, Datar"]
[Black "Wang, Shanshan"]
[Result "1/2-1/2"]
[WhiteElo "2192"]
[BlackElo "2122"]
[PlyCount "178"]
[EventDate "2019.08.02"]
[EventType "swiss"]
[EventRounds "9"]
[EventCountry "UAE"]
[SourceTitle "CBM 191 Extra"]
[Source "ChessBase"]
[SourceDate "2019.09.30"]
[SourceVersion "1"]
[SourceVersionDate "2019.09.30"]
[SourceQuality "1"]

1. Nf3 d5 2. b3 Nf6 3. Bb2 e6 4. g3 Be7 5. Bg2 c5 6. e3 Nc6 7. 0-0 0-0 8. c4 Qb6 9. cxd5 exd5 10. Nc3 Bf5 11. d4 c4 12. Ne5 Rfd8 13. Na4 Qa6 14. Nxc6 bxc6 15. f3 cxb3 16. axb3 Qd3 17. Qxd3 Bxd3 18. Rfc1 Rab8 19. Ba3 Bxa3 20. Rxa3 Bb5 21. Nc5 Nd7 22. Bh3 Nxc5 23. Rxc5 g6 24. Kf2 Rb7 25. Bg2 Kf8 26. g4 h6 27. h4 Ke7 28. Rc1 Rdd7 29. g5 hxg5 30. hxg5 f6 31. gxf6+ Kxf6 32. Bf1 Rb6 33. Bxb5 cxb5 34. b4 a6 35. Rac3 Re7 36. Rc5 Rd6 37. Ke2 Ree6 38. Kd3 Rd8 39. Rc6 Ke7 40. e4 dxe4+ 41. fxe4 Rxc6 42. Rxc6 Rd6 43. Rc7+ Rd7 44. Rc5 Ra7 45. e5 a5 46. bxa5 Rxa5 47. Ke4 g5 48. Rc7+ Kd8 49. Rg7 b4 50. Rxg5 b3 51. Rg1 b2 52. Rb1 Ra2 53. Kd3 Kd7 54. Kc4 Ke6 55. Kb3 Ra5 56. Rxb2 Kd5 57. Kc3 Ra1 58. Rb5+ Ke4 59. e6 Rc1+ 60. Kd2 Rc8 61. d5 Ke5 62. Kd3 Rc7 63. Kd2 Rc8 64. Ra5 Rc7 65. Ke3 Rc3+ 66. Kd2 Rc7 67. Ke2 Rc8 68. Kf3 Rg8 69. Rb5 Rg7 70. Ke3 Rh7 71. Ke2 Rg7 72. Kd1 Rc7 73. Ra5 Rc8 74. Kd2 Rc7 75. Ke3 Rc8 76. Kf2 Rg8 77. Rc5 Kd6 78. Ra5 Ke5 79. Kf3 Rg7 80. Ra6 Rg8 81. Ke3 Rg7 82. Rb6 Rg8 83. Ra6 Rg7 84. d6 Kxe6 85. d7+ Ke7 86. Ra7 Rg6 87. Ke4 Rd6 88. Ke5 Rxd7 89. Rxd7+ Kxd7 1/2-1/2

[Event "Abu Dhabi op 26th"]
[Site "Abu Dhabi"]
[Date "2019.08.03"]
[Round "3"]
[White "Wang, Shanshan"]
[Black "Bartel, Marta"]
[Result "1/2-1/2"]
[WhiteElo "2122"]
[BlackElo "2244"]
[PlyCount "84"]
[EventDate "2019.08.02"]
[EventType "swiss"]
[EventRounds "9"]
[EventCountry "UAE"]
[SourceTitle "CBM 191 Extra"]
[Source "ChessBase"]
[SourceDate "2019.09.30"]
[SourceVersion "1"]
[SourceVersionDate "2019.09.30"]
[SourceQuality "1"]

1. e4 d6 2. d4 g6 3. Nc3 Bg7 4. Nf3 c6 5. a4 Nf6 6. Bc4 0-0 7. Bb3 a5 8. 0-0 Na6 9. h3 Nc7 10. Re1 d5 11. e5 Nfe8 12. Nh2 b5 13. f4 b4 14. Ne2 f5 15. Be3 Ne6 16. Qd2 Qb6 17. Nc1 N8c7 18. Nf3 Ba6 19. Nd3 Qb8 20. Kf2 Bh6 21. g3 Qa7 22. Kg2 Rad8 23. Rad1 Kh8 24. Qf2 Qa8 25. Kh2 Bc4 26. h4 Bg7 27. Ng5 Bxd3 28. cxd3 Nxg5 29. hxg5 Ne6 30. Rh1 Kg8 31. Kg1 Qa7 32. Rc1 Qb6 33. Kf1 Rfe8 34. Ke2 Nf8 35. Kf3 Rc8 36. Rc5 e6 37. Rc2 Rc7 38. Rhc1 Rec8 39. Kg2 Qb7 40. Kg1 Qb6 41. Kg2 Qb7 42. Kg1 Qb6 1/2-1/2

[Event "Abu Dhabi op 26th"]
[Site "Abu Dhabi"]
[Date "2019.08.02"]
[Round "1"]
[White "Sammed Jaykumar, Shete"]
[Black "Wang, Shanshan"]
[Result "1-0"]
[WhiteElo "2416"]
[BlackElo "2122"]
[PlyCount "57"]
[EventDate "2019.08.02"]
[EventType "swiss"]
[EventRounds "9"]
[EventCountry "UAE"]
[SourceTitle "CBM 191 Extra"]
[Source "ChessBase"]
[SourceDate "2019.09.30"]
[SourceVersion "1"]
[SourceVersionDate "2019.09.30"]
[SourceQuality "1"]

1. e4 c5 2. Nf3 d6 3. d4 cxd4 4. Qxd4 Nc6 5. Qe3 Nf6 6. Be2 g6 7. h3 Bg7 8. 0-0 0-0 9. Rd1 Qc7 10. c4 Nb4 11. Qb3 Nc6 12. Nc3 Na5 13. Qb4 Bd7 14. Be3 Nc6 15. Qa3 b6 16. Rac1 Qb7 17. b4 Be6 18. c5 dxc5 19. Ba6 Qb8 20. bxc5 Ne5 21. Nxe5 Qxe5 22. f4 Qh5 23. e5 Nd7 24. c6 Nxe5 25. fxe5 Bxe5 26. Ne2 Rad8 27. Rxd8 Rxd8 28. Qxe7 Rf8 29. Qg5 1-0

[Event "Sitges op 45th"]
[Site "Sitges"]
[Date "2019.07.28"]
[Round "7"]
[White "Wang, Shanshan"]
[Black "Ingebretsen, Jens E"]
[Result "1/2-1/2"]
[WhiteElo "2122"]
[BlackElo "2276"]
[PlyCount "154"]
[EventDate "2019.07.22"]
[EventType "swiss"]
[EventRounds "9"]
[EventCountry "ESP"]
[SourceTitle "CBM 191 Extra"]
[Source "ChessBase"]
[SourceDate "2019.09.30"]
[SourceVersion "1"]
[SourceVersionDate "2019.09.30"]
[SourceQuality "1"]

1. e4 e5 2. Nf3 Nc6 3. Bb5 a6 4. Bxc6 dxc6 5. 0-0 Qf6 6. d4 exd4 7. Qxd4 Qxd4 8. Nxd4 Bc5 9. c3 Nf6 10. Bf4 Bb6 11. a4 0-0 12. Nd2 Rd8 13. N4f3 Bg4 14. a5 Ba7 15. Rfe1 Bxf3 16. Nxf3 Re8 17. Ra4 Ng4 18. Bg3 f6 19. e5 Nxe5 20. Bxe5 fxe5 21. Rae4 Rad8 22. Rxe5 Rxe5 23. Rxe5 Kf7 24. g4 Rd1+ 25. Kg2 h6 26. h4 g6 27. g5 hxg5 28. Nxg5+ Kf6 29. Re8 Kf5 30. b4 Rd2 31. Ne4 Rc2 32. Kf3 Bxf2 33. Nxf2 Rxc3+ 34. Re3 Rc4 35. Re4 Rc3+ 36. Kg2 c5 37. bxc5 Rxc5 38. Rg4 Rc2 39. Rg5+ Kf6 40. Kf3 Rc3+ 41. Kf4 Rc4+ 42. Ne4+ Kf7 43. Rd5 b6 44. axb6 cxb6 45. Rd7+ Ke6 46. Rd6+ Kf7 47. Rf6+ Kg7 48. Rxb6 a5 49. Ke5 Rb4 50. Ra6 a4 51. Ra8 Rb5+ 52. Kf4 Rb4 53. Ra5 Kh6 54. Ra7 Rd4 55. Ke5 Rb4 56. Ra8 Rb5+ 57. Ke6 Rb6+ 58. Kd5 Rb4 59. Nc3 Rxh4 60. Ne4 Rf4 61. Ke5 Rf5+ 62. Ke6 Rf4 63. Rxa4 Rh4 64. Ke5 Rh5+ 65. Kf4 Rf5+ 66. Kg4 Kg7 67. Ra8 Rf1 68. Ng5 Rg1+ 69. Kf4 Rf1+ 70. Nf3 Rb1 71. Ne5 Rf1+ 72. Ke4 Rg1 73. Kd5 Rb1 74. Ra6 Rd1+ 75. Ke6 Re1 76. Kd5 Re2 77. Ra7+ Kh6 1/2-1/2

[Event "Dubai op 21st"]
[Site "Dubai"]
[Date "2019.04.07"]
[Round "7"]
[White "Nitish, Belurkar"]
[Black "Wang, Shanshan"]
[Result "1-0"]
[WhiteElo "2327"]
[BlackElo "2116"]
[PlyCount "77"]
[EventDate "2019.04.01"]
[EventType "swiss"]
[EventRounds "9"]
[EventCountry "UAE"]
[SourceTitle "CBM 189 Extra"]
[Source "ChessBase"]
[SourceDate "2019.06.03"]
[SourceVersion "1"]
[SourceVersionDate "2019.06.03"]
[SourceQuality "1"]

1. e4 c5 2. Nf3 d6 3. Nc3 Nc6 4. g3 Nf6 5. Bg2 g6 6. 0-0 Bg7 7. d3 0-0 8. h3 a6 9. Be3 Qc7 10. Qd2 Ne5 11. Nh2 Nc6 12. f4 Nd4 13. g4 e6 14. Bxd4 cxd4 15. Ne2 e5 16. f5 Nd7 17. g5 f6 18. h4 d5 19. Ng3 Nc5 20. b4 Na4 21. Ng4 dxe4 22. Bxe4 gxf5 23. Nxf5 Nc3 24. gxf6 Nxe4 25. Ne7+ Qxe7 26. fxe7 Nxd2 27. Rxf8+ Bxf8 28. e8Q Bxg4 29. Qxa8 h5 30. Qxb7 Bh6 31. Qd5+ Kh7 32. Kg2 e4 33. Qf7+ Bg7 34. dxe4 Nxe4 35. Rf1 Nd6 36. Qd5 Nb5 37. Qe4+ Kh6 38. Rf4 Nd6 39. Rxg4 1-0

[Event "Dubai op 17th"]
[Site "Dubai"]
[Date "2015.04.09"]
[Round "4"]
[White "Wang, Shanshan"]
[Black "Kovchan, Alexander"]
[Result "0-1"]
[WhiteElo "2028"]
[BlackElo "2576"]
[PlyCount "76"]
[EventDate "2015.04.06"]
[EventType "swiss"]
[EventRounds "9"]
[EventCountry "UAE"]
[SourceTitle "CBM 165 Extra"]
[Source "ChessBase"]
[SourceDate "2015.04.21"]
[SourceVersion "1"]
[SourceVersionDate "2015.04.21"]
[SourceQuality "1"]

1. e4 d5 2. exd5 Qxd5 3. Nc3 Qd6 4. d4 Nf6 5. Bb5+ c6 6. Bc4 Bg4 7. f3 Be6 8. Bxe6 Qxe6+ 9. Nge2 g6 10. 0-0 Bg7 11. Nf4 Qd6 12. d5 0-0 13. Ne4 Nxe4 14. fxe4 Nd7 15. Rb1 Nc5 16. Qf3 e5 17. dxe6 Nxe6 18. Qd3 Bd4+ 19. Kh1 Nc5 20. Qf3 Rae8 21. Ne2 Bg7 22. Ng3 h5 23. Bf4 Qe7 24. b4 Ne6 25. Be3 h4 26. Ne2 Ng5 27. Qf4 Nxe4 28. Bxa7 f5 29. c3 Kh7 30. Qc1 Bh6 31. Nf4 Ra8 32. Qe3 Rfe8 33. Rbe1 Bxf4 34. Rxf4 Rxa7 35. Qxa7 Ng3+ 36. hxg3 Qxe1+ 37. Qg1 hxg3 38. Rf1 Qd2 0-1